000 00436nam a22001577a 4500
005 20251108163342.0
008 250721s1990 xx 000 0 ara d
082 1 4 _a193/يسر
100 1 _aإبراهيم، يسرى
245 1 0 _aنيتشه :
_bعدو المسيح /
264 1 _aالقاهرة :
_bسينا للنشر،
_c1990.
300 _a246ص
650 1 7 _aالفلسفة الألمانية
942 _2ddc
_cBK
999 _c523
_d523